[Event "Junior Online 4NCL Division 3"]
[Site "online"]
[Date "2021.04.01"]
[EventDate "2021.04.01"]
[Round "6.154"]
[White "Pal, Rhea"]
[WhiteElo "1028"]
[WhiteTeam "Warwickshire Bears G"]
[Black "Horwood, Alexander"]
[BlackElo "640"]
[BlackTeam "Harrow Juniors F"]
[Result "1-0"]
[PlyCount "61"]

1. d4 d5 2. Bf4 Nc6 3. e3 Nf6 4. Bd3 Ne4 5. Nf3 Bf5 6. O-O e5 7. Nxe5 Nxe5 8. Bxe5 Qd7 9. Nd2 O-O-O 10. Nxe4 dxe4 11. Bc4 f6 12. Bg3 Bd6 13. c3 b5 14. Bb3 Be6 15. f3 Bxb3 16. axb3 Bxg3 17. hxg3 f5 18. Rxa7 Kb8 19. Qa1 Qc6 20. Qa2 Kc8 21. b4 Qc4 22. Qa5 f4 23. Ra8+ Kd7 24. Rxd8+ Rxd8 25. fxe4 fxe3 26. Rf7+ Ke8 27. Rxc7 e2 28. Kf2 Qd3 29. Qb6 Qd1 30. Qe6+ Kf8 31. Qf7# 1-0

[Event "Junior Online 4NCL Division 3"]
[Site "online"]
[Date "2021.04.01"]
[EventDate "2021.04.01"]
[Round "6.155"]
[White "Vaidyanathan, Sathya"]
[WhiteElo "1088"]
[WhiteTeam "Warwickshire Bears G"]
[Black "Grahame, Silas"]
[BlackElo "1075"]
[BlackTeam "Harrow Juniors F"]
[Result "0-1"]
[PlyCount "84"]

1. e4 e5 2. Nf3 Nf6 3. Nc3 Nc6 4. Bc4 Bc5 5. d3 Bd4 6. Nxd4 Nxd4 7. Nd5 Nxd5 8. Bxd5 c6 9. Bc4 O-O 10. O-O d5 11. exd5 cxd5 12. Bb3 Nxb3 13. axb3 e4 14. dxe4 dxe4 15. Bf4 Qxd1 16. Raxd1 Bg4 17. Rd2 Rad8 18. Rfd1 Bxd1 19. Bd6 Rfe8 20. Rxd1 e3 21. fxe3 Rxe3 22. Kf2 Re6 23. Ra1 Rexd6 24. Rxa7 Rd2+ 25. Kf3 Rxc2 26. Rxb7 Rxb2 27. g4 Rxh2 28. b4 Rb2 29. b5 Rb3+ 30. Ke4 Rb4+ 31. Kf3 h6 32. Kg3 Rd3+ 33. Kh4 Rd1 34. b6 Rb3 35. g5 hxg5+ 36. Kxg5 Rg1+ 37. Kf4 Rf1+ 38. Ke5 Re3+ 39. Kd6 Rd1+ 40. Kc7 Rc3+ 41. Kb8 Rd8+ 42. Ka7 Ra3# 0-1

[Event "Junior Online 4NCL Division 3"]
[Site "online"]
[Date "2021.04.01"]
[EventDate "2021.04.01"]
[Round "6.156"]
[White "Wang, Xiling"]
[WhiteElo "894"]
[WhiteTeam "Harrow Juniors F"]
[Black "Vora, Ravi"]
[BlackElo "1050"]
[BlackTeam "Warwickshire Bears G"]
[Result "0-1"]
[PlyCount "134"]

1. e4 c6 2. d4 d5 3. Nc3 Nf6 4. Bd3 dxe4 5. Nxe4 Nxe4 6. Bxe4 e5 7. c3 exd4 8. cxd4 c5 9. Nf3 cxd4 10. Nxd4 Bc5 11. Be3 O-O 12. O-O Bxd4 13. Qxd4 Qxd4 14. Bxd4 Nc6 15. Be3 Re8 16. Bxc6 bxc6 17. Bc5 Ba6 18. Rfe1 Rxe1+ 19. Rxe1 h6 20. a4 Bb7 21. b4 a5 22. Ra1 g6 23. bxa5 Rxa5 24. Bb6 Ra6 25. a5 Bc8 26. Bc7 c5 27. Kf1 c4 28. Ke1 Rc6 29. Be5 f6 30. Bb8 c3 31. Kd1 c2+ 32. Kc1 Bf5 33. a6 Rb6 34. a7 Rb1+ 35. Rxb1 cxb1=Q+ 36. Kd2 Qb7 37. g3 h5 38. h4 g5 39. f4 gxh4 40. gxh4 Be4 41. Kc3 Qc6+ 42. Kd4 Qd5+ 43. Ke3 Qd3+ 44. Kf2 Qf3+ 45. Ke1 Bd3 46. Kd2 Qe2+ 47. Kc3 Be4 48. Kd4 Bh1 49. Kc5 Qf2+ 50. Kd6 Qxf4+ 51. Ke6 Qxh4 52. Ke7 Ba8 53. Kd7 f5 54. Ke6 f4 55. Kd7 f3 56. Kc7 f2 57. Kd7 f1=Q 58. Kc7 Qhc4+ 59. Kd6 Qd1+ 60. Ke7 Qce2+ 61. Kf6 Qdf1+ 62. Kg5 Qeg2+ 63. Kh6 h4 64. Kh5 h3 65. Kh4 h2 66. Kh5 h1=Q+ 67. Bh2 Qhxh2# 0-1

[Event "Junior Online 4NCL Division 3"]
[Site "online"]
[Date "2021.04.01"]
[EventDate "2021.04.01"]
[Round "6.157"]
[White "Gandhi, Preesh"]
[WhiteElo "1065"]
[WhiteTeam "Warwickshire Bears G"]
[Black "Patel-Davis, Riyan"]
[BlackElo "876"]
[BlackTeam "Harrow Juniors F"]
[Result "1-0"]
[PlyCount "45"]

1. e4 e5 2. Nf3 Nc6 3. Bc4 Bc5 4. d3 d6 5. Ng5 Nf6 6. Nxf7 d5 7. Nxd8 dxc4 8. Nxc6 bxc6 9. dxc4 Nxe4 10. Qh5+ g6 11. Qxe5+ Be7 12. Qxh8+ Kf7 13. Qxh7+ Kf6 14. Qh8+ Kf7 15. Bh6 Bf6 16. Qf8+ Ke6 17. Qe8+ Kf5 18. g4+ Kxg4 19. Qxe4+ Kh3 20. Rg1 Bxb2 21. Qg2+ Kh4 22. Qg3+ Kh5 23. Qg5# 1-0

[Event "Junior Online 4NCL Division 3"]
[Site "online"]
[Date "2021.04.01"]
[EventDate "2021.04.01"]
[Round "6.158"]
[White "Horwood, Alexander"]
[WhiteElo "640"]
[WhiteTeam "Harrow Juniors F"]
[Black "Pal, Rhea"]
[BlackElo "1028"]
[BlackTeam "Warwickshire Bears G"]
[Result "0-1"]
[PlyCount "32"]

1. e4 d5 2. exd5 Qxd5 3. Nc3 Qd8 4. Nf3 Nf6 5. d4 Bf5 6. Bc4 e6 7. Ne5 Bd6 8. Bg5 O-O 9. O-O h6 10. Be3 Nbd7 11. Nxd7 Nxd7 12. Qe2 Qh4 13. g3 Qh3 14. Rfe1 Nf6 15. g4 Qxh2+ 16. Kf1 Qh1# 0-1

[Event "Junior Online 4NCL Division 3"]
[Site "online"]
[Date "2021.04.01"]
[EventDate "2021.04.01"]
[Round "6.161"]
[White "Das, Devorshi"]
[WhiteElo "1174"]
[WhiteTeam "Uxbridge Juniors Berzerkers"]
[Black "Smith, Ryan S"]
[BlackElo "1769"]
[BlackTeam "KEGS A"]
[Result "0-1"]
[PlyCount "62"]

1. e4 c5 2. Nf3 g6 3. Bc4 Bg7 4. Nc3 Nc6 5. O-O e6 6. d3 Nge7 7. Be3 Nd4 8. Bxd4 cxd4 9. Ne2 Qb6 10. Rb1 O-O 11. c3 Nc6 12. cxd4 Nxd4 13. Nexd4 Bxd4 14. b3 Bg7 15. Re1 Qa5 16. a4 d5 17. exd5 exd5 18. Qd2 Qxd2 19. Nxd2 dxc4 20. dxc4 Bf5 21. Nf3 Bxb1 22. Rxb1 Rad8 23. h3 Rfe8 24. Kh2 Re2 25. Kg3 Rb2 26. Re1 Rxb3 27. Re7 Kf8 28. Re4 Re8 29. Rxe8+ Kxe8 30. Kh2 Rxf3 31. gxf3 Kd7 0-1

[Event "Junior Online 4NCL Division 3"]
[Site "online"]
[Date "2021.04.01"]
[EventDate "2021.04.01"]
[Round "6.162"]
[White "Siddharth, Lakshan"]
[WhiteElo "1579"]
[WhiteTeam "KEGS A"]
[Black "Dhir, Jai Alexander"]
[BlackElo "1072"]
[BlackTeam "Uxbridge Juniors Berzerkers"]
[Result "1-0"]
[PlyCount "93"]

1. e4 e5 2. Nf3 Nc6 3. d4 d6 4. dxe5 dxe5 5. Qxd8+ Nxd8 6. Nxe5 Bd6 7. Nf3 Nf6 8. e5 Bg4 9. exd6 Bxf3 10. gxf3 O-O 11. dxc7 Re8+ 12. Be3 Nc6 13. Bb5 Nd5 14. Bxc6 bxc6 15. Ke2 Nxe3 16. fxe3 Rac8 17. Nc3 Rxc7 18. Rhg1 Rce7 19. e4 c5 20. Rg3 a6 21. Rag1 g6 22. h4 Kh8 23. Nd5 Re6 24. Nc7 R8e7 25. Nxe6 Rxe6 26. h5 Rb6 27. hxg6 fxg6 28. b3 Rf6 29. Rh3 a5 30. Rgh1 h5 31. Rg3 Rb6 32. Rhg1 Kh7 33. Rg5 Kh6 34. Rxc5 Rf6 35. Rxa5 Rc6 36. c4 Rb6 37. Rag5 Rf6 38. c5 h4 39. Ke3 h3 40. f4 Rc6 41. Rh1 Ra6 42. Rxh3+ Kg7 43. a4 Rf6 44. Rhg3 Kh6 45. Rxg6+ Rxg6 46. Rxg6+ Kxg6 47. a5 1-0

[Event "Junior Online 4NCL Division 3"]
[Site "online"]
[Date "2021.04.01"]
[EventDate "2021.04.01"]
[Round "6.163"]
[White "Palampathi, Sanjit"]
[WhiteElo "1088"]
[WhiteTeam "Uxbridge Juniors Berzerkers"]
[Black "Caves, Fraser"]
[BlackElo "1471"]
[BlackTeam "KEGS A"]
[Result "0-1"]
[PlyCount "19"]

1. e4 e5 2. Nf3 Nc6 3. Bc4 f5 4. exf5 d5 5. Bxd5 Qxd5 6. Nc3 Qd8 7. O-O Bxf5 8. Ng5 Qxg5 9. Ne4 Bxe4 10. d3 Qxg2# 0-1

[Event "Junior Online 4NCL Division 3"]
[Site "online"]
[Date "2021.04.01"]
[EventDate "2021.04.01"]
[Round "6.164"]
[White "Arun Jacob, Nigel A"]
[WhiteElo "1455"]
[WhiteTeam "KEGS A"]
[Black "Kapoor, Devansh"]
[BlackElo "1024"]
[BlackTeam "Uxbridge Juniors Berzerkers"]
[Result "1-0"]
[PlyCount "75"]

1. d4 e6 2. c4 Nf6 3. Nf3 c6 4. Bf4 d5 5. e3 dxc4 6. Bxc4 b5 7. Bd3 Bb7 8. a3 Nbd7 9. Nc3 Be7 10. O-O O-O 11. Qc2 h6 12. Ne5 Bd6 13. Nxd7 Qxd7 14. Bxd6 Qxd6 15. Ne4 Qe7 16. Nc5 Bc8 17. Rac1 e5 18. dxe5 Qxe5 19. Be2 Bf5 20. Nd3 Bxd3 21. Bxd3 Rad8 22. Rfd1 Rd7 23. b4 Rfd8 24. Be2 g6 25. Qxc6 Rxd1+ 26. Bxd1 Qb2 27. Qc7 Kg7 28. Qxd8 Qxc1 29. Qd3 g5 30. g3 Nh7 31. Kg2 g4 32. Bc2 Ng5 33. Qc3+ f6 34. Qd3 Kf7 35. Bb3+ Kg7 36. Qd7+ Kg6 37. Qe8+ Kg7 38. Qg8# 1-0

[Event "Junior Online 4NCL Division 3"]
[Site "online"]
[Date "2021.04.01"]
[EventDate "2021.04.01"]
[Round "6.165"]
[White "Smith, Ryan S"]
[WhiteElo "1769"]
[WhiteTeam "KEGS A"]
[Black "Das, Devorshi"]
[BlackElo "1174"]
[BlackTeam "Uxbridge Juniors Berzerkers"]
[Result "1-0"]
[PlyCount "55"]

1. d4 e5 2. dxe5 Nc6 3. Nf3 Qe7 4. Bf4 Qb4+ 5. Bd2 Qxb2 6. Nc3 Bb4 7. Rb1 Qa3 8. Nb5 Bxd2+ 9. Qxd2 Qa5 10. Qxa5 Nxa5 11. Nxc7+ Kd8 12. Nxa8 d5 13. exd6 Be6 14. Nc7 Kd7 15. Nxe6 Kxe6 16. e4 Kxd6 17. Bd3 b6 18. Ke2 Nc6 19. Rhd1 Ke6 20. Bb5 Ne5 21. Nxe5 Kxe5 22. Rd8 Ke6 23. Rbd1 h5 24. f4 Kf6 25. R1d6+ Ke7 26. R8d7+ Ke8 27. Rc7+ Kf8 28. Rd8# 1-0

[Event "Junior Online 4NCL Division 3"]
[Site "online"]
[Date "2021.04.01"]
[EventDate "2021.04.01"]
[Round "6.166"]
[White "Dhir, Jai Alexander"]
[WhiteElo "1072"]
[WhiteTeam "Uxbridge Juniors Berzerkers"]
[Black "Siddharth, Lakshan"]
[BlackElo "1579"]
[BlackTeam "KEGS A"]
[Result "0-1"]
[PlyCount "36"]

1. e4 Nf6 2. e5 Nd5 3. Bc4 Nb6 4. d3 Nxc4 5. dxc4 Nc6 6. Nf3 d6 7. O-O g6 8. Re1 Bg7 9. Bf4 O-O 10. c5 dxe5 11. Qxd8 Rxd8 12. Be3 e4 13. Nfd2 Bxb2 14. Nb3 Bxa1 15. Nxa1 Be6 16. Nc3 Bd5 17. Nb3 Bxb3 18. cxb3 f5 0-1

[Event "Junior Online 4NCL Division 3"]
[Site "online"]
[Date "2021.04.01"]
[EventDate "2021.04.01"]
[Round "6.167"]
[White "Caves, Fraser"]
[WhiteElo "1471"]
[WhiteTeam "KEGS A"]
[Black "Palampathi, Sanjit"]
[BlackElo "1088"]
[BlackTeam "Uxbridge Juniors Berzerkers"]
[Result "1-0"]
[PlyCount "51"]

1. e4 e5 2. f4 Nc6 3. Nf3 f6 4. Nc3 Nh6 5. Bc4 exf4 6. d4 Bd6 7. e5 fxe5 8. Nxe5 Qh4+ 9. Kf1 Bxe5 10. dxe5 Nxe5 11. Qe2 d6 12. Bd2 Bg4 13. Qe4 Rf8 14. Ne2 g5 15. Kg1 Kd7 16. Be1 Qh5 17. Rd1 Nxc4 18. Qxc4 Bxe2 19. Qa4+ c6 20. Rd2 f3 21. Qd4 Nf5 22. Qf2 fxg2 23. Qxg2 Ne3 24. Qxe2 Qg4+ 25. Qxg4+ Kc7 26. Qh3 1-0

[Event "Junior Online 4NCL Division 3"]
[Site "online"]
[Date "2021.04.01"]
[EventDate "2021.04.01"]
[Round "6.168"]
[White "Kapoor, Devansh"]
[WhiteElo "1024"]
[WhiteTeam "Uxbridge Juniors Berzerkers"]
[Black "Arun Jacob, Nigel A"]
[BlackElo "1455"]
[BlackTeam "KEGS A"]
[Result "0-1"]
[PlyCount "35"]

1. e4 c5 2. Nf3 Nc6 3. d4 cxd4 4. Nxd4 Nf6 5. Nxc6 bxc6 6. Bc4 Nxe4 7. Qh5 d5 8. Bd3 Qa5+ 9. c3 Nf6 10. Qd1 e5 11. b4 Qb6 12. Be3 Qc7 13. O-O Bd6 14. Bc5 e4 15. Bxd6 Qxd6 16. Bc2 O-O 17. Na3 Bg4 18. f3 0-1

[Event "Junior Online 4NCL Division 3"]
[Site "online"]
[Date "2021.04.15"]
[EventDate "2021.04.15"]
[Round "7.11"]
[White "Suyash Srikanta Prasad"]
[WhiteElo "1735"]
[WhiteTeam "Maidenhead Juniors 1"]
[Black "Shah, Rahul"]
[BlackElo "1302"]
[BlackTeam "Edgware Gambits C"]
[Result "1-0"]
[PlyCount "83"]

1. e4 c5 2. c3 Nf6 3. e5 Nd5 4. d4 cxd4 5. cxd4 d6 6. Bc4 Nb6 7. Bb5+ Bd7 8. Bxd7+ N8xd7 9. exd6 e6 10. Bf4 Nd5 11. Bg3 Qb6 12. Qb3 Qxd4 13. Ne2 Qb6 14. Qxb6 N7xb6 15. Nbc3 Rd8 16. Nb5 a6 17. Nc7+ Nxc7 18. dxc7 Rc8 19. O-O Nd5 20. Rfd1 Be7 21. Rac1 O-O 22. Rc4 b6 23. Nd4 Bc5 24. Nc6 Nxc7 25. Rxc5 bxc5 26. Ne7+ Kh8 27. Nxc8 Rxc8 28. Bxc7 h6 29. Be5 f6 30. Bc3 e5 31. Rd7 Kh7 32. Rd6 f5 33. Rxa6 e4 34. Ra7 Rg8 35. a4 Kg6 36. a5 Rd8 37. Rxg7+ Kh5 38. h3 Rd1+ 39. Kh2 Ra1 40. g4+ fxg4 41. hxg4+ Kh4 42. Bf6# 1-0

[Event "Junior Online 4NCL Division 3"]
[Site "online"]
[Date "2021.04.15"]
[EventDate "2021.04.15"]
[Round "7.12"]
[White "Barringer-Allen, William B"]
[WhiteElo "1340"]
[WhiteTeam "Edgware Gambits C"]
[Black "Wenninger, Maxim"]
[BlackElo "1672"]
[BlackTeam "Maidenhead Juniors 1"]
[Result "1-0"]
[PlyCount "97"]

1. d4 d5 2. Nc3 Nf6 3. Bg5 g6 4. e4 dxe4 5. Nxe4 Bg7 6. Nxf6+ exf6 7. Bf4 O-O 8. Be2 Re8 9. Qd3 Bf5 10. Qb3 Qxd4 11. Be3 Qe5 12. Nf3 Qa5+ 13. c3 Nd7 14. Nd4 Nc5 15. Qc4 b5 16. Qxc5 Bd7 17. Nb3 Qa6 18. Qxc7 Be6 19. Nc5 Qc8 20. Qxc8 Raxc8 21. Bxb5 Re7 22. Nxe6 fxe6 23. O-O-O Rb8 24. a4 f5 25. Kc2 Reb7 26. Rd6 e5 27. Rhd1 f4 28. Bc5 Kf8 29. Rd7+ Kg8 30. Bc4+ Kh8 31. Rxb7 Rxb7 32. Rd8+ Bf8 33. Bxf8 h5 34. Bd5 Rb6 35. Bc5+ Kh7 36. Bxb6 axb6 37. Rd7+ Kh6 38. Rd6 b5 39. axb5 h4 40. Be4 f3 41. Rxg6+ Kh5 42. Rg8 h3 43. g3 Kh6 44. Bd5 Kh5 45. b6 Kh6 46. b7 Kh5 47. b8=Q e4 48. Qe5+ Kh6 49. Qh8# 1-0

[Event "Junior Online 4NCL Division 3"]
[Site "online"]
[Date "2021.04.15"]
[EventDate "2021.04.15"]
[Round "7.13"]
[White "Koppuravuri, Shrihan"]
[WhiteElo "1552"]
[WhiteTeam "Maidenhead Juniors 1"]
[Black "Wong, Firoz"]
[BlackElo "1350"]
[BlackTeam "Edgware Gambits C"]
[Result "0-1"]
[PlyCount "82"]

1. e4 d5 2. exd5 Nf6 3. d4 e6 4. dxe6 Bxe6 5. Nf3 c5 6. c3 Nc6 7. Be2 Be7 8. O-O O-O 9. Be3 cxd4 10. cxd4 Rc8 11. Nc3 Nd5 12. Nxd5 Bxd5 13. Qd2 Bb4 14. Qd1 Qf6 15. a3 Ba5 16. Rc1 Bb6 17. Bg5 Qg6 18. Be3 Nxd4 19. Bxd4 Rxc1 20. Qxc1 Bxd4 21. Qd2 Bxf3 22. Bxf3 Rd8 23. Re1 Qf6 24. Qe2 h6 25. Rd1 Bb6 26. Rxd8+ Qxd8 27. Bxb7 Qc7 28. Qe8+ Kh7 29. Be4+ g6 30. h3 Qc1+ 31. Kh2 Qf4+ 32. Kh1 Qxf2 33. Bxg6+ Kxg6 34. Qe4+ Kf6 35. Qc6+ Kg5 36. Qd5+ f5 37. Qg8+ Kh4 38. Qc4+ Bd4 39. Qc1 Kg3 40. Qc7+ f4 41. Qg7+ Bxg7 0-1

[Event "Junior Online 4NCL Division 3"]
[Site "online"]
[Date "2021.04.15"]
[EventDate "2021.04.15"]
[Round "7.14"]
[White "Gill, Veer"]
[WhiteElo "1306"]
[WhiteTeam "Edgware Gambits C"]
[Black "Rajeev-Lazar, Seyon"]
[BlackElo "1498"]
[BlackTeam "Maidenhead Juniors 1"]
[Result "1-0"]
[PlyCount "39"]

1. e4 e6 2. c4 d5 3. cxd5 exd5 4. exd5 Qxd5 5. Nc3 Qd8 6. d4 Nf6 7. Nf3 Bb4 8. Bc4 O-O 9. O-O Bg4 10. a3 Ba5 11. Be3 Bb6 12. Na4 Bxf3 13. Qxf3 c6 14. Nxb6 axb6 15. Rad1 b5 16. Bb3 Qc7 17. Bf4 Qb6 18. Qg3 Nbd7 19. Bh6 Rfe8 20. Qxg7# 1-0

[Event "Junior Online 4NCL Division 3"]
[Site "online"]
[Date "2021.04.15"]
[EventDate "2021.04.15"]
[Round "7.15"]
[White "Shah, Rahul"]
[WhiteElo "1302"]
[WhiteTeam "Edgware Gambits C"]
[Black "Suyash Srikanta Prasad"]
[BlackElo "1735"]
[BlackTeam "Maidenhead Juniors 1"]
[Result "0-1"]
[PlyCount "68"]

1. d4 d5 2. c4 e6 3. Nc3 c5 4. e3 Nc6 5. cxd5 exd5 6. Nf3 Nf6 7. Be2 Bg4 8. O-O Bd6 9. h3 Bh5 10. Qb3 b6 11. Nxd5 Nxd5 12. e4 Nde7 13. Bb5 Bxf3 14. Qxf3 O-O 15. Bxc6 Nxc6 16. Qg4 Nxd4 17. Bh6 Qf6 18. Bg5 Qg6 19. Rfe1 Nc2 20. Rac1 Nxe1 21. Rxe1 h6 22. Bd2 Qxg4 23. hxg4 Rfe8 24. g3 Re6 25. f4 Rae8 26. e5 Bc7 27. Kh2 f6 28. Bc3 fxe5 29. fxe5 Bxe5 30. Bxe5 Rxe5 31. Rxe5 Rxe5 32. Kh3 Re2 33. b3 Rxa2 34. Kh4 Rh2# 0-1

[Event "Junior Online 4NCL Division 3"]
[Site "online"]
[Date "2021.04.15"]
[EventDate "2021.04.15"]
[Round "7.16"]
[White "Wenninger, Maxim"]
[WhiteElo "1672"]
[WhiteTeam "Maidenhead Juniors 1"]
[Black "Barringer-Allen, William B"]
[BlackElo "1340"]
[BlackTeam "Edgware Gambits C"]
[Result "1-0"]
[PlyCount "155"]

1. e4 e5 2. Nf3 Nc6 3. Bc4 Be7 4. d3 d6 5. c3 Bg4 6. Bb3 Qd7 7. Nbd2 O-O-O 8. h3 Be6 9. Bc2 d5 10. Qe2 Bc5 11. b4 Bd6 12. a4 a6 13. b5 Nb8 14. Rb1 a5 15. b6 cxb6 16. Rxb6 Qc7 17. Rb2 Qxc3 18. O-O Ba3 19. Nb1 Qc5 20. Rb5 Qd6 21. Bxa3 Qc7 22. Rc1 Nf6 23. Bb3 Nc6 24. exd5 Nxd5 25. Nxe5 Rhe8 26. Nxc6 bxc6 27. Rbc5 Nf4 28. Qc2 Bxb3 29. Qxb3 Rxd3 30. Rxc6 Ne2+ 31. Kf1 Rxb3 32. Rxc7+ Kb8 33. Bd6 Nxc1 34. Rxc1+ Ka7 35. Bc5+ Ka6 36. Be3 Rb4 37. Nd2 Rxa4 38. Ke2 Rb4 39. Rc6+ Kb7 40. Rc5 a4 41. Ra5 Ra8 42. Rxa8 Kxa8 43. Kd3 Rb6 44. Bxb6 Kb7 45. Bc5 Kc6 46. Ba3 Kd5 47. Nc4 Ke6 48. Nb6 f5 49. Nxa4 Ke5 50. Nc3 g5 51. Ne2 h5 52. Be7 g4 53. hxg4 fxg4 54. Ng3 Kf4 55. Nxh5+ Kf5 56. Ke3 g3 57. Nxg3+ Kg4 58. Ba3 Kg5 59. f4+ Kf6 60. Ke4 Kg6 61. f5+ Kf6 62. Bb2+ Kf7 63. Ke5 Ke7 64. f6+ Kf7 65. Nf5 Kf8 66. g4 Kf7 67. g5 Kf8 68. g6 Kg8 69. Ke6 Kf8 70. g7+ Ke8 71. f7+ Kd8 72. f8=Q+ Kc7 73. Qd6+ Kb7 74. Qc5 Ka6 75. Qb4 Ka7 76. Kd6 Ka6 77. Kc6 Ka7 78. Qb7# 1-0

[Event "Junior Online 4NCL Division 3"]
[Site "online"]
[Date "2021.04.15"]
[EventDate "2021.04.15"]
[Round "7.17"]
[White "Wong, Firoz"]
[WhiteElo "1350"]
[WhiteTeam "Edgware Gambits C"]
[Black "Koppuravuri, Shrihan"]
[BlackElo "1552"]
[BlackTeam "Maidenhead Juniors 1"]
[Result "1-0"]
[PlyCount "59"]

1. d4 d5 2. Bf4 Nf6 3. e3 Nc6 4. c4 e6 5. Nf3 Bb4+ 6. Nbd2 O-O 7. a3 Bd6 8. Bg3 Bd7 9. Bd3 h6 10. O-O a6 11. Ne5 Nh7 12. Rc1 Nxe5 13. dxe5 Be7 14. cxd5 exd5 15. Nf3 Be6 16. Nd4 Rc8 17. Nxe6 fxe6 18. Qg4 Qd7 19. Qg6 Ng5 20. h4 Ne4 21. f3 Nf6 22. exf6 Bxf6 23. Bf4 d4 24. Bxh6 dxe3 25. Qh7+ Kf7 26. Bg6+ Ke7 27. Bxg7 Bxg7 28. Qxg7+ Kd8 29. Qxf8+ Qe8 30. Rcd1# 1-0

[Event "Junior Online 4NCL Division 3"]
[Site "online"]
[Date "2021.04.15"]
[EventDate "2021.04.15"]
[Round "7.18"]
[White "Rajeev-Lazar, Seyon"]
[WhiteElo "1498"]
[WhiteTeam "Maidenhead Juniors 1"]
[Black "Gill, Veer"]
[BlackElo "1306"]
[BlackTeam "Edgware Gambits C"]
[Result "0-1"]
[PlyCount "100"]

1. g3 e5 2. Bg2 d5 3. c4 c6 4. cxd5 cxd5 5. d4 exd4 6. Qxd4 Nf6 7. Nc3 Nc6 8. Qd3 Be6 9. Bg5 Be7 10. Bxf6 Bxf6 11. Nxd5 Bxd5 12. Bxd5 O-O 13. Qb3 Nd4 14. Qxb7 Nc2+ 15. Kf1 Rb8 16. Qc6 Nxa1 17. Bg2 Rxb2 18. Nf3 Rb1+ 19. Ne1 Qd1 20. Be4 Qxe1+ 21. Kg2 Qxh1+ 22. Kh3 Qc1 23. Qd5 Qh6+ 24. Kg2 Rbb8 25. Bd3 Rfd8 26. Qc6 Rdc8 27. Qd7 Rd8 28. Qxa7 Bd4 29. Qa5 Qb6 30. Qf5 Qg6 31. Qa5 Bb6 32. Qa4 Rxd3 33. exd3 Qxd3 34. Qf4 Qd8 35. Qc1 Bd4 36. Qa3 Nc2 37. Qa4 Qc8 38. Qa5 Qc6+ 39. Kh3 Qe6+ 40. Kg2 Qe4+ 41. Kh3 g6 42. f3 Qf5+ 43. g4 Qxa5 44. a4 Qxa4 45. g5 Qb3 46. Kg4 f5+ 47. gxf6 h5+ 48. Kg5 Rb5+ 49. Kxg6 Qf7+ 50. Kh6 Qxf6# 0-1

[Event "Junior Online 4NCL Division 3"]
[Site "online"]
[Date "2021.04.15"]
[EventDate "2021.04.15"]
[Round "7.21"]
[White "Wastney, Dylan"]
[WhiteElo "1330"]
[WhiteTeam "Surrey Kings 2"]
[Black "Eedle, Eric F"]
[BlackElo "1638"]
[BlackTeam "Barnet Knights B"]
[Result "1-0"]
[PlyCount "109"]

1. e4 c5 2. Nc3 Nc6 3. f4 g6 4. Nf3 Bg7 5. Bc4 e6 6. O-O Nge7 7. d3 Na5 8. Bb3 Nxb3 9. axb3 O-O 10. Be3 b6 11. Nb5 Nc6 12. d4 cxd4 13. Nfxd4 Nxd4 14. Bxd4 a6 15. Nd6 Qc7 16. Bxg7 Kxg7 17. e5 Bb7 18. c3 Bc6 19. Qe1 Qd8 20. Qg3 f6 21. f5 fxe5 22. fxg6 hxg6 23. Qxe5+ Kh7 24. Rf7+ Rxf7 25. Nxf7 Qh4 26. Rxa6 Rf8 27. g3 Qg4 28. Ng5+ Kg8 29. Ra1 Rf5 30. Qb8+ Kg7 31. Nxe6+ Kf6 32. Qf8+ Kxe6 33. Re1+ Kd5 34. c4+ Kd4 35. Qg7+ Kc5 36. Qe7+ d6 37. Qe3+ Qd4 38. Qxd4+ Kxd4 39. Re6 Re5 40. Rxd6+ Kc5 41. Rxg6 Re2 42. b4+ Kxc4 43. Rxc6+ Kb5 44. Rf6 Rxb2 45. Rf4 Rxb4 46. Rxb4+ Kxb4 47. h4 Kc3 48. h5 b5 49. h6 b4 50. h7 b3 51. h8=Q+ Kc2 52. Qa1 b2 53. Qa2 Kc1 54. g4 b1=Q 55. Qxb1+ 1-0

[Event "Junior Online 4NCL Division 3"]
[Site "online"]
[Date "2021.04.15"]
[EventDate "2021.04.15"]
[Round "7.22"]
[White "Sarkar, Rian"]
[WhiteElo "1592"]
[WhiteTeam "Barnet Knights B"]
[Black "Josse, Ben"]
[BlackElo "1232"]
[BlackTeam "Surrey Kings 2"]
[Result "1/2-1/2"]
[PlyCount "141"]

1. d4 d5 2. c4 e6 3. Nf3 Nf6 4. Nc3 Be7 5. Bg5 h6 6. Bh4 Nbd7 7. e3 c5 8. cxd5 Nxd5 9. Bxe7 Qxe7 10. Bb5 O-O 11. Rc1 a6 12. Bd3 cxd4 13. Nxd4 N7f6 14. O-O Bd7 15. Nxd5 Nxd5 16. e4 Nf6 17. e5 Nd5 18. Be4 Rac8 19. Qb3 Bc6 20. Nxc6 bxc6 21. Qa4 Qb4 22. Qxb4 Nxb4 23. a3 Nd5 24. Bxd5 cxd5 25. Rb1 Rb8 26. b4 Rfc8 27. Rfc1 Kf8 28. f4 Ke7 29. Kf2 Kd7 30. Ke3 f5 31. Kd4 g6 32. h3 g5 33. g3 Rg8 34. a4 gxf4 35. gxf4 Rg3 36. Rc3 Rxc3 37. Kxc3 Rc8+ 38. Kd4 Rc4+ 39. Ke3 Kc6 40. b5+ axb5 41. axb5+ Kb6 42. Kd3 Rxf4 43. Rg1 Re4 44. Rg6 f4 45. Rxe6+ Kxb5 46. Rxh6 Rxe5 47. Rf6 Re4 48. Rf5 Kc5 49. h4 f3 50. h5 Rh4 51. Rxf3 Rxh5 52. Kd2 d4 53. Ra3 Rh2+ 54. Kd1 Kc4 55. Ra4+ Kd3 56. Ra3+ Ke4 57. Rb3 d3 58. Rb8 Rh1+ 59. Kd2 Rh2+ 60. Kd1 Ke3 61. Re8+ Kd4 62. Rd8+ Ke3 63. Re8+ Kd4 64. Rd8+ Kc4 65. Rc8+ Kb5 66. Rd8 Rh3 67. Kd2 Kc4 68. Rc8+ Kb5 69. Rd8 Kc5 70. Rxd3 Rxd3+ 71. Kxd3 1/2-1/2

[Event "Junior Online 4NCL Division 3"]
[Site "online"]
[Date "2021.04.15"]
[EventDate "2021.04.15"]
[Round "7.23"]
[White "Lee, Damin"]
[WhiteElo "1149"]
[WhiteTeam "Surrey Kings 2"]
[Black "Belur, Ankita"]
[BlackElo "1457"]
[BlackTeam "Barnet Knights B"]
[Result "0-1"]
[PlyCount "98"]

1. e4 d6 2. Bc4 Nf6 3. Nc3 g6 4. Nf3 Bg7 5. d3 c6 6. h3 b5 7. Bb3 Nbd7 8. a3 a6 9. O-O Bb7 10. Ng5 O-O 11. Nf3 Nc5 12. d4 Ncxe4 13. Nxe4 Nxe4 14. Re1 Nf6 15. Bg5 Qc7 16. Bxf6 Bxf6 17. Rb1 a5 18. c3 Rad8 19. d5 cxd5 20. Bxd5 Bxd5 21. Qxd5 Qc5 22. Qd3 Qc4 23. Qc2 b4 24. Nd2 Qc6 25. axb4 axb4 26. Rec1 bxc3 27. bxc3 Rb8 28. Rxb8 Rxb8 29. Ne4 Kg7 30. Nxf6 Kxf6 31. c4 Rc8 32. Qc3+ e5 33. Kh2 d5 34. c5 d4 35. Qc4 Qe6 36. Qc2 e4 37. Re1 d3 38. Qc3+ Qe5+ 39. Qxe5+ Kxe5 40. Kg3 Rxc5 41. f3 d2 42. Rxe4+ Kd5 43. Re2 d1=Q 44. Re4 Rc4 45. Re8 Kc5 46. Rc8+ Kb4 47. Rb8+ Kc3 48. Rf8 Qd6+ 49. Kf2 Qxf8 0-1

[Event "Junior Online 4NCL Division 3"]
[Site "online"]
[Date "2021.04.15"]
[EventDate "2021.04.15"]
[Round "7.24"]
[White "Tokar, Kyrylo"]
[WhiteElo "1479"]
[WhiteTeam "Barnet Knights B"]
[Black "Peverett, Kian"]
[BlackElo "925"]
[BlackTeam "Surrey Kings 2"]
[Result "1-0"]
[PlyCount "61"]

1. e4 c5 2. Nf3 Nc6 3. d4 cxd4 4. Nxd4 g6 5. Nc3 Bg7 6. Nxc6 bxc6 7. Bf4 Nf6 8. Bd3 O-O 9. O-O Bb7 10. Qd2 Re8 11. Rfe1 d5 12. exd5 cxd5 13. Bh6 Qb6 14. Bxg7 Kxg7 15. b3 e5 16. Na4 Qc6 17. Qe2 d4 18. f3 Re7 19. Rac1 Rc8 20. c3 dxc3 21. Rxc3 Qe6 22. Bc4 Bd5 23. Bxd5 Nxd5 24. Rxc8 Qxc8 25. Qb5 Nc7 26. Qc5 Qb7 27. Rxe5 Rxe5 28. Qxe5+ Kf8 29. Nc5 Qb6 30. Kh1 Ne6 31. Nd7+ 1-0

[Event "Junior Online 4NCL Division 3"]
[Site "online"]
[Date "2021.04.15"]
[EventDate "2021.04.15"]
[Round "7.25"]
[White "Eedle, Eric F"]
[WhiteElo "1638"]
[WhiteTeam "Barnet Knights B"]
[Black "Wastney, Dylan"]
[BlackElo "1330"]
[BlackTeam "Surrey Kings 2"]
[Result "1-0"]
[PlyCount "55"]

1. d4 Nf6 2. c4 e6 3. Nc3 Bb4 4. f3 O-O 5. e4 Bxc3+ 6. bxc3 d5 7. cxd5 exd5 8. e5 Re8 9. Bd3 Nfd7 10. Ne2 c5 11. O-O Nc6 12. f4 cxd4 13. cxd4 f6 14. Be3 fxe5 15. fxe5 Rf8 16. Nf4 Nb6 17. Qh5 g6 18. Nxg6 Nd7 19. Ne7+ Qxe7 20. Bh6 b6 21. Bxf8 Nxf8 22. Rf4 Ng6 23. Bxg6 hxg6 24. Qxg6+ Qg7 25. Qe8+ Kh7 26. Rh4+ Qh6 27. Qf7+ Kh8 28. Rxh6# 1-0